000 00341pab a2200145 454500
008 180718b2002 xxu||||| |||| 00| 0 eng d
100 _aWilkin, Peter
245 _aGlobal poverty and orthodox security
260 _c2002
300 _ap.633-45.
362 _aAug
650 _aPoverty
773 _aThird World Quarterly
909 _a54170
999 _c54170
_d54170